| 000 | 01145nam a22002537a 4500 | ||
|---|---|---|---|
| 999 |
_c333249 _d333249 |
||
| 001 | 47150 | ||
| 003 | UA-OsUOA | ||
| 005 | 20230504161243.0 | ||
| 007 | ta | ||
| 008 | 20070712b un ||||| |||| 00| 0 ukr d | ||
| 020 | _a978-966-00-0617-1 | ||
| 040 |
_aUA-OsUOA _bukr _cUA-OsUOA _dUA-OsUOA |
||
| 041 | _aukr | ||
| 080 | _a81'35.161.2 | ||
| 090 |
_a81'35.161.2 _bУ45 |
||
| 245 | _aУкраїнський правопис | ||
| 260 |
_aК. _bНаукова думка _c2007 |
||
| 300 | _a288 с. | ||
| 520 | _aВидання 2007 року виходить з уточненнями, пов’язаними зі змінами в українській граматиці, що сталися останнім часом. Для фахівців та всіх, хто цікавиться питаннями правопису сучасної української літературної мови. | ||
| 650 | 7 |
_a8 Мовознавство. Художня література. Літературознавство _2UDC |
|
| 942 |
_cBK _2udc |
||
| 955 | _a1 | ||